Quốc sử tạp lục /

Đã lưu trong:
書目詳細資料
主要作者: Nguyễn Thiệu Lâu
格式: Sách giấy
語言:Vietnamese
出版: Cà Mau : Mũi Cà Mau , 1994
標簽: 添加標簽
沒有標簽, 成為第一個標記此記錄!
Thư viện lưu trữ: Thư viện Trường Đại học Đà Lạt
LEADER 00583nam a2200253 4500
001 DLU020012467
005 ##5/25/2000
020 # # |a 978- 
041 # # |a vie 
082 # # |a 959.7  |b NG-L 
090 # # |a 959.7  |b NG-L 
100 # # |a Nguyễn Thiệu Lâu 
245 # # |a Quốc sử tạp lục /  |c Nguyễn Thiệu Lâu 
260 # # |a Cà Mau :  |b Mũi Cà Mau ,  |c 1994 
300 # # |a 588 tr.;   |c 21 cm. 
992 # # |a 40000 
994 # # |a DLU 
900 # # |a False 
911 # # |a Administrator 
925 # # |a G 
926 # # |a A 
927 # # |a SH 
980 # # |a Thư viện Trường Đại học Đà Lạt